| 000 | 01017nac a22003257a 4500 | ||
|---|---|---|---|
| 001 | BR9802846 | ||
| 003 | BR-BrBNA | ||
| 005 | 20240105122028.0 | ||
| 008 | 230509b bl.|||m| |||| 00| 0 por d | ||
| 040 |
_aBR-BrBNA _bpor _cBiblioteca Nacional de Agricultura |
||
| 072 | _aL01 | ||
| 090 | _a5217 BR9802846 | ||
| 100 | 1 | _aChaves Filho, N.F. de C. | |
| 100 | 1 | _aTavares, H.P. | |
| 110 | 1 |
_aEmpresa Pernambucana de Pesquisa Agropecuaria, Recife, PE (Brasil) _94262 |
|
| 245 | 1 | _aBubalinocultura: potencial e perspectivas para o Estado de Pernambuco | |
| 260 | 3 |
_aRecife, PE (Brasil): _c1992. |
|
| 300 | _a10 p. | ||
| 490 |
_aComunicado Tecnico - Empresa Pernambucana de Pesquisa Agropecuaria (Brazil) _vno. 45 _x |
||
| 500 | _a12 ref. | ||
| 650 | _aBufalo | ||
| 650 | _aRendimento | ||
| 650 | _aProducao Leiteira | ||
| 650 | _aMelhoramento Animal | ||
| 650 | _aCarne | ||
| 650 | _aTracao Animal | ||
| 650 | _aPernambuco | ||
| 909 |
_a202312 _bLúcia Elande _c55 _dLúcia Elande |
||
| 942 |
_2AGRIS _n0 _cMS |
||
| 999 |
_c288812 _d288812 |
||